Biología 1 : relaciones de los seres vivos entre sí y con su ambiente /
Guardado en:
| Autor Principal: | |
|---|---|
| Otros Autores: | , , , |
| Formato: | Libro |
| Publicado: |
Buenos Aires :
Santillana,
2003
|
| Series: | Santillana Hoy
|
| Materias: | |
| Etiquetas: |
Agregar Etiqueta
Sin Etiquetas, Sea el primero en etiquetar este registro!
|
| LEADER | 01860nam a22003855a 4500 | ||
|---|---|---|---|
| 001 | CEM.cems012991 | ||
| 008 | 130507s2003##################000#0#####d | ||
| 005 | 20211215164906.0 | ||
| 003 | CEMS | ||
| 245 | 1 | 0 | |a Biología 1 : |b relaciones de los seres vivos entre sí y con su ambiente / |c María Gabriela Barderi ... [et Al.] |
| 260 | |a Buenos Aires : |b Santillana, |c 2003 | ||
| 300 | |a 208 p. | ||
| 490 | 0 | |a Santillana Hoy | |
| 500 | |a Para nivel Educación Secundaria Básica | ||
| 505 | 0 | |a El lenguaje de la ciencia -- El ecosistema como una unidad de estudio -- Transformaciones de la materia y la energía en los seres vivos -- Transformaciones de la materia y la energía en los ecosistemas -- Proyecto tecnológico: lombricultura | |
| 020 | |a 9504613977 | ||
| 100 | 1 | |a Barderi, María Gabriela | |
| 700 | 1 | |a Carminati, Alejandra | |
| 700 | 1 | |a Fernández Balboa, Carlos G. | |
| 700 | 1 | |a Franco, Ricardo | |
| 700 | 1 | |a Wall, Luis G. | |
| 082 | 0 | 4 | |a Z574 |
| 653 | |a Biología | ||
| 653 | |a Biología 1-esb | ||
| 653 | |a Biología-educación secundaria básica | ||
| 859 | |a CEMS |b BIB. CEMS - Agricultura |h 574 |i B235-2 |p A1004.09 |t Ej.1 |v 1 |3 1 | ||
| 859 | |a CEMS |b BIB. CEMS - Agricultura |h 574 |i B235-2 |p A1005.09 |t Ej.2 |v 1 |3 1 | ||
| 859 | |a CEMS |b BIB. CEMS - Agricultura |h 574 |i B235-2 |p A1006.09 |t Ej.3 |v 1 |3 1 | ||
| 859 | |a CEMS |b BIB. CEMS - Agricultura |h 574 |i B235-2 |p A1007.09 |t Ej.4 |v 1 |3 1 | ||
| 859 | |a CEMS |b BIB. CEMS - Agricultura |h 574 |i B235-2 |p A1008.09 |t Ej.5 |v 1 |3 1 | ||
| 859 | |a CEMS |b BIB. CEMS - 11 de abril |h 574 |i B235-2 |p 25380.08 |t Ej.1 |v I |3 I | ||
| 859 | |a CEMS |b BIB. CEMS - 11 de abril |h 574 |i B235-2 |p 25381.08 |t Ej.2 |v I |3 I | ||
| 859 | |a CEMS |b BIB. CEMS - 11 de abril |h 574 |i B235-2 |p 25382.08 |t Ej.3 |v I |3 I | ||
| 859 | |a CEMS |b BIB. CEMS - 11 de abril |h 574 |i B235-2 |p 25384.08 |t Ej.4 |v I |3 I | ||
| 859 | |a CEMS |b BIB. CEMS - 11 de abril |h 574 |i B235-2 |p 25383.08 |t Ej.5 |v I |3 I | ||
